000 00906nam a22002537a 4500
003 DO-SdBPM
005 20241204125247.0
008 161013b1973 sp 00| 0 spa d
040 _aDO-SdBPM
_bspa
_cBPMSU
082 4 _a759.6
_bV434o 1973
_222
100 1 _aVelázquez, Diego Rodríguez de Silva y,
_d1599-1660.
245 1 3 _aLa obra pictórica completa de Velázquez /
_cintroducción Miguel Angel Asturias ; traducción Francisco J. Alcántara
250 _a3a ed.
260 _aBarcelona, España :
_bEditorial Rizzoli,
_c1973.
300 _a120 p. :
_bil., ;
_c32 cm.
490 0 _aClásicos del arte,
_v13
590 _aInventariado, 2024/VM
650 4 _aPintura española.
700 1 _aAsturias, Miguel Angel,
_eintroducción
700 1 _aAlcántara, Francisco J.,
_etraductor
700 1 _aBardi, P. M.
_eestudios críticos
910 _aVMateo V. Control de calidad. BPMSU
942 _2ddc
_cBK
999 _c11565
_d11565